Statistiken für Deutsche Landkreise und kreisfreie Städte nach Buchstabe - D

Klicken Sie hier um das Quiz zu spielen!

Allgemein

  • Dieses Quiz wurde 159 mal gespielt
  • Das Durchschnittsergebnis liegt bei 13 aus 18

Antwortstatistiken

BundeslandKreis% Korrekt
Nordrhein-WestfalenDuisburg
94%
Nordrhein-WestfalenDüsseldorf
94%
Nordrhein-WestfalenDortmund
92%
HessenDarmstadt
91%
HessenDarmstadt-Dieburg
91%
SachsenDresden
91%
Sachsen-AnhaltDessau-Roßlau
75%
NiedersachsenDelmenhorst
74%
BayernDachau
72%
Nordrhein-WestfalenDüren
68%
BayernDeggendorf
65%
BayernDillingen
64%
Schleswig-HolsteinDithmarschen
58%
BayernDingolfing-Landau
56%
BrandenburgDahme-Spreewald
53%
NiedersachsenDiepholz
49%
BayernDonau-Ries
48%
Rheinland-PfalzDonnersbergkreis
47%

Verteilung der Resultate

Perzentil nach korrekt beantworteten Fragen

Anzahl Personen mit jedem Resultat

Ihre Resultats-Entwicklung

Sie haben dieses Quiz noch nicht gespielt